000 00704cab a2200241 4500
001 X1073
008 090401t1993 xxu||||| |||| 00| 0 eng d
035 _a(Sirsi) u14559
041 _aeng
100 _aSloan, T.
245 _aPII : employees may be at risk; Run-off cover: a PII concern for sole practitioners
260 _c1993
350 _a0
490 _aCSM (Chartered Surveyor Monthly)
_v3(2) October 1993, 8-9(2)
650 _aNEGLIGENCE
650 _aPROFESSIONAL INDEMNITY INSURANCE
650 _aRUN-OFF COVER
650 _aSURVEYING PRACTICES
690 _aINSURANCE
_96249
690 _aMANAGEMENT-BUSINESS MANAGEMENT-PROFESSIONAL PRACTICE
942 _n0
948 _c04/03/1997
999 _c9499
_d9499